[Event "BIH-chT1 30th"]
[Site "Gorazde"]
[Date "2023.08.26"]
[Round "1.5"]
[White "Zlobec, Srdjan"]
[Black "Sadikovic, Jasmin"]
[Result "1-0"]
[WhiteElo "2134"]
[BlackElo "2065"]
[PlyCount "117"]
[EventDate "2023.08.26"]
[EventType "team-tourn"]
[EventRounds "9"]
[EventCountry "BIH"]
[SourceTitle "EXT 2024"]
[Source "ChessBase"]
[SourceDate "2023.10.10"]
[SourceVersion "1"]
[SourceVersionDate "2023.10.10"]
[SourceQuality "1"]

1. d4 Nf6 2. Bf4 g6 3. h3 Bg7 4. e3 c5 5. c3 cxd4 6. exd4 d6 7. Nd2 0-0 8. Ngf3 Qc7 9. Bc4 Nbd7 10. 0-0 Nb6 11. Bb3 a5 12. a3 Nbd5 13. Bh2 b5 14. Re1 Bb7 15. a4 bxa4 16. Bxa4 Nb6 17. Bb5 Nc8 18. Qe2 Bc6 19. Qc4 Na7 20. Bxc6 Qxc6 21. Rxe7 Qb6 22. Qb3 Qd8 23. Re2 Rb8 24. Qa3 Re8 25. Rxe8+ Nxe8 26. Qxa5 Nc6 27. Qxd8 Rxd8 28. Nc4 Bf8 29. b4 Rc8 30. Nb6 Rd8 31. Nd5 Rb8 32. Nd2 Nd8 33. Nc4 Ne6 34. Ra6 N8c7 35. Nxc7 Nxc7 36. Rc6 Nb5 37. Bxd6 Bxd6 38. Nxd6 Nxd6 39. Rxd6 Rc8 40. Kf1 Rxc3 41. Ke2 Kf8 42. Rd7 Ke8 43. Rb7 h5 44. b5 Rb3 45. b6 Kf8 46. Kd2 Kg7 47. Kc2 Rb5 48. Rb8 Kf6 49. Kc3 Ke7 50. Kc4 Rb2 51. b7 Kd6 52. Rd8+ Kc7 53. b8Q+ Rxb8 54. Rxb8 Kxb8 55. Kd5 Kc7 56. Ke5 Kd7 57. Kf6 Ke8 58. h4 Kf8 59. d5 1-0

[Event "BIH-chT 29th"]
[Site "Bihac"]
[Date "2022.08.24"]
[Round "2.4"]
[White "Mesic, Ismet"]
[Black "Sadikovic, Jasmin"]
[Result "1-0"]
[WhiteElo "2280"]
[BlackElo "2047"]
[PlyCount "77"]
[EventDate "2022.08.23"]
[EventType "tourn"]
[EventRounds "9"]
[EventCountry "BIH"]
[SourceTitle "CBM 210 Extra"]
[Source "ChessBase"]
[SourceDate "2022.11.30"]
[SourceVersion "1"]
[SourceVersionDate "2022.11.30"]
[SourceQuality "1"]

1. d4 d5 2. c4 c6 3. Nc3 Nf6 4. Nf3 dxc4 5. a4 Bf5 6. e3 e6 7. Bxc4 Bb4 8. 0-0 0-0 9. Nh4 Bg4 10. f3 Bh5 11. g4 Bg6 12. Nxg6 hxg6 13. Qb3 c5 14. Na2 Nc6 15. Nxb4 cxb4 16. Bd2 a5 17. Rad1 Rc8 18. Be1 Qe7 19. Kh1 Nd7 20. Bg3 Nb6 21. Be2 Rfd8 22. Rd2 Qd7 23. Bb5 Qe7 24. Rfd1 Na7 25. Bf1 Qd7 26. Bh4 Re8 27. e4 Qxa4 28. Qxa4 Nxa4 29. Ra1 b5 30. Bf2 Ra8 31. d5 Red8 32. b3 Nc3 33. Rxa5 Rd7 34. d6 f5 35. gxf5 gxf5 36. exf5 exf5 37. Rxa7 Raxa7 38. Bxa7 Kf7 39. Bc5 1-0

[Event "Bosnjaci op 26th"]
[Site "Bosnjaci"]
[Date "2022.01.07"]
[Round "7"]
[White "Caric, Mato"]
[Black "Sadikovic, Jasmin"]
[Result "1-0"]
[WhiteElo "2029"]
[BlackElo "2134"]
[PlyCount "59"]
[EventDate "2022.01.03"]
[EventType "swiss"]
[EventRounds "9"]
[EventCountry "CRO"]
[SourceTitle "EXT 2023"]
[Source "ChessBase"]
[SourceDate "2022.10.05"]
[SourceVersion "1"]
[SourceVersionDate "2022.10.05"]
[SourceQuality "1"]

1. e4 c5 2. Nf3 d6 3. d4 cxd4 4. Nxd4 Nf6 5. Nc3 a6 6. f3 e5 7. Nb3 Be6 8. Be3 Be7 9. Qd2 Nbd7 10. g4 b5 11. g5 Nh5 12. Nd5 Bxd5 13. exd5 0-0 14. 0-0-0 Qc7 15. Na5 Rfc8 16. Nc6 Bf8 17. Bh3 g6 18. Bg4 Ng7 19. h4 Nf5 20. Bxf5 gxf5 21. Qd3 f4 22. Bf2 Nb8 23. h5 Nxc6 24. dxc6 Qxc6 25. g6 Qc4 26. Qf5 e4 27. gxh7+ Kh8 28. Bd4+ Bg7 29. Bxg7+ Kxg7 30. Rhg1+ 1-0

[Event "BIH-chT 19th"]
[Site "Neum"]
[Date "2021.09.21"]
[Round "6.6"]
[White "Pandurevic, Miro"]
[Black "Sadikovic, Jasmin"]
[Result "1-0"]
[WhiteElo "2217"]
[BlackElo "2120"]
[PlyCount "85"]
[EventDate "2021.09.17"]
[EventType "team-tourn"]
[EventRounds "9"]
[EventCountry "BIH"]
[SourceTitle "EXT 2023"]
[Source "ChessBase"]
[SourceDate "2022.10.05"]
[SourceVersion "1"]
[SourceVersionDate "2022.10.05"]
[SourceQuality "1"]
[WhiteTeam "Busovaca Hrasno"]
[BlackTeam "Gorazde"]
[WhiteTeamCountry "BIH"]
[BlackTeamCountry "BIH"]

1. e4 c5 2. Nf3 d6 3. d4 cxd4 4. Nxd4 Nf6 5. Nc3 a6 6. Be2 e5 7. Nb3 Be6 8. f4 Qc7 9. f5 Bc4 10. g4 h6 11. Bf3 Nbd7 12. Be3 Rc8 13. h4 b5 14. g5 hxg5 15. hxg5 Rxh1+ 16. Bxh1 b4 17. Ne2 Nh5 18. Bf3 Bxe2 19. Bxe2 Nf4 20. Bxf4 exf4 21. Bxa6 Ra8 22. Bb5 Be7 23. Qd5 Rb8 24. f6 gxf6 25. g6 fxg6 26. Qg8+ Bf8 27. Qxg6+ Ke7 28. Qh7+ Kd8 29. Nd4 Nc5 30. Qg6 Kc8 31. Qf5+ Kb7 32. Qd5+ Kb6 33. a4 bxa3 34. Rxa3 Qb7 35. Bc6 Qh7 36. Kd2 Qh2+ 37. Kc3 Qh3+ 38. Kb4 Qc8 39. Bb5 f3 40. Rxf3 Nxe4 41. Nc6 Nc5 42. Nxb8 Qxb8 43. Qc6+ 1-0

[Event "BIH-chT 19th"]
[Site "Neum"]
[Date "2021.09.20"]
[Round "5.5"]
[White "Burovic, Ismet"]
[Black "Sadikovic, Jasmin"]
[Result "1-0"]
[WhiteElo "2315"]
[BlackElo "2120"]
[PlyCount "73"]
[EventDate "2021.09.17"]
[EventType "team-tourn"]
[EventRounds "9"]
[EventCountry "BIH"]
[SourceTitle "EXT 2023"]
[Source "ChessBase"]
[SourceDate "2022.10.05"]
[SourceVersion "1"]
[SourceVersionDate "2022.10.05"]
[SourceQuality "1"]
[WhiteTeam "Sarajevo Napredak"]
[BlackTeam "Gorazde"]
[WhiteTeamCountry "BIH"]
[BlackTeamCountry "BIH"]

1. e4 c5 2. d3 e6 3. g3 d5 4. Nd2 Nc6 5. Bg2 Nf6 6. Ngf3 Be7 7. 0-0 0-0 8. Re1 dxe4 9. dxe4 e5 10. c3 Bg4 11. h3 Be6 12. Ng5 Qc8 13. Nxe6 Qxe6 14. Qe2 a6 15. Nc4 Rfe8 16. Nb6 Rad8 17. Nd5 Bd6 18. Bg5 Ne7 19. Bxf6 gxf6 20. Qh5 Ng6 21. Bf3 Bf8 22. Nc7 Qb6 23. Nxe8 Rxe8 24. Rab1 c4 25. Red1 Bc5 26. Rd2 Kg7 27. Rbd1 a5 28. Bg4 Rg8 29. Bf5 Kf8 30. Bxg6 Rxg6 31. Kg2 Qe6 32. Rd5 Kg7 33. h4 b5 34. Qf5 b4 35. h5 Rg5 36. h6+ Kg8 37. Rxc5 1-0

[Event "Bosnjaci op 25th"]
[Site "Bosnjaci"]
[Date "2020.01.04"]
[Round "2"]
[White "Kovacevic, Blazimir"]
[Black "Sadikovic, Jasmin"]
[Result "1/2-1/2"]
[WhiteElo "2451"]
[BlackElo "2111"]
[PlyCount "76"]
[EventDate "2020.01.03"]
[EventType "swiss"]
[EventRounds "9"]
[EventCountry "CRO"]
[SourceTitle "CBM 194 Extra"]
[Source "ChessBase"]
[SourceDate "2020.03.31"]
[SourceVersion "1"]
[SourceVersionDate "2020.03.31"]
[SourceQuality "1"]

1. c4 Nf6 2. g3 e5 3. Bg2 Nc6 4. Nc3 g6 5. d3 Bg7 6. e4 0-0 7. Nge2 d6 8. 0-0 Ne7 9. h3 c5 10. Rb1 Bd7 11. b4 b6 12. Bd2 h5 13. h4 Qc8 14. bxc5 bxc5 15. Qb3 Rb8 16. Qa3 Qc7 17. Rb3 Rxb3 18. axb3 Rb8 19. Rb1 Nh7 20. Kh2 Nf8 21. Nd5 Nxd5 22. exd5 Bf5 23. Be4 Bc8 24. Qa5 Qe7 25. Nc3 f5 26. Bg2 Bf6 27. Kg1 a6 28. b4 cxb4 29. Na2 Qd8 30. Qxd8 Bxd8 31. Rxb4 Rxb4 32. Bxb4 Be7 33. Nc3 Nd7 34. Na4 Kf7 35. Bf3 Ke8 36. Bd1 f4 37. Nc3 fxg3 38. fxg3 Nf6 1/2-1/2

[Event "BIH-chT2"]
[Site "Bosna"]
[Date "2017.08.28"]
[Round "6.4"]
[White "Sadikovic, Jasmin"]
[Black "Redzepi, Mehmedalija"]
[Result "1-0"]
[WhiteElo "2081"]
[BlackElo "1921"]
[PlyCount "71"]
[EventDate "2017.08.25"]
[EventType "team-tourn"]
[EventRounds "9"]
[EventCountry "BIH"]
[SourceTitle "EXT 2019"]
[Source "ChessBase"]
[SourceDate "2018.10.10"]
[SourceVersion "1"]
[SourceVersionDate "2018.10.10"]
[SourceQuality "1"]

1. e4 e6 2. d4 d5 3. exd5 exd5 4. Bd3 Bd6 5. Nc3 c6 6. Nge2 Bg4 7. h3 Bh5 8. Be3 Ne7 9. Qd2 Bg6 10. Nf4 Nd7 11. Nxg6 hxg6 12. 0-0-0 Qc7 13. Bg5 f6 14. Be3 0-0-0 15. Ne2 Nf8 16. Kb1 Ne6 17. c4 dxc4 18. Bxc4 Nf8 19. Qc2 Nd5 20. Bxd5 cxd5 21. Qb3 Qe7 22. Nc3 Bc7 23. Nb5 Kb8 24. Rc1 Bb6 25. Bf4+ Ka8 26. Nc7+ Bxc7 27. Rxc7 Qxc7 28. Bxc7 Rd7 29. Rc1 Ne6 30. Bh2 Nxd4 31. Qd3 Nf5 32. g4 Ne7 33. Rc7 Rhd8 34. Qb5 Rxc7 35. Bxc7 Rg8 36. Qd7 1-0

[Event "Lukavac op 5th"]
[Site "Lukavac"]
[Date "2016.11.25"]
[Round "3"]
[White "Sadikovic, Jasmin"]
[Black "Zenelaj, Fisnik"]
[Result "0-1"]
[WhiteElo "2128"]
[BlackElo "1934"]
[PlyCount "130"]
[EventDate "2016.11.24"]
[EventType "swiss"]
[EventRounds "7"]
[EventCountry "BIH"]
[SourceTitle "EXT 2019"]
[Source "ChessBase"]
[SourceDate "2018.10.10"]
[SourceVersion "1"]
[SourceVersionDate "2018.10.10"]
[SourceQuality "1"]

1. e4 c5 2. Nf3 d6 3. c3 g6 4. Bc4 e6 5. 0-0 Nf6 6. e5 dxe5 7. Nxe5 Bg7 8. Bb5+ Bd7 9. Nxd7 Nbxd7 10. d4 cxd4 11. Qxd4 0-0 12. Bg5 Qc7 13. Rd1 Ne5 14. Qh4 Nd5 15. Be2 Rac8 16. Na3 a6 17. c4 Nb6 18. Rac1 Nc6 19. Bf6 Bxf6 20. Qxf6 Qe5 21. Qxe5 Nxe5 22. f4 Nc6 23. Bf3 Rfd8 24. Rxd8+ Rxd8 25. Bxc6 bxc6 26. Rc2 Rd4 27. g3 Nd7 28. Kf2 e5 29. fxe5 Nxe5 30. b3 c5 31. Re2 f6 32. Nc2 Rd1 33. Ne3 Rd7 34. Nd5 Kf7 35. Ke3 Rd6 36. Kd2 a5 37. Kc2 Ra6 38. Nc7 Rd6 39. Nd5 Rd7 40. Nc3 Nf3 41. Rf2 Nd4+ 42. Kb2 f5 43. Ne4 Rc7 44. Kc3 Ne6 45. g4 f4 46. g5 Kg7 47. Rd2 f3 48. Nf6 Rf7 49. h4 h6 50. Ne4 hxg5 51. hxg5 Nxg5 52. Nf2 Re7 53. Rd3 Re2 54. Rd7+ Kf8 55. Rd5 Rxf2 56. Rxg5 Rg2 57. Rxc5 f2 58. Rc8+ Kg7 59. Rc7+ Kf8 60. Rc8+ Ke7 61. Rc7+ Ke6 62. Rc6+ Ke5 63. Rc5+ Ke4 64. Rc8 Rg3+ 65. Kb2 f1Q 0-1

[Event "BIH-chT 15th"]
[Site "Bihac"]
[Date "2016.07.17"]
[Round "2.1"]
[White "Nikolic, Predrag"]
[Black "Sadikovic, Jasmin"]
[Result "1-0"]
[WhiteElo "2622"]
[BlackElo "2130"]
[PlyCount "67"]
[EventDate "2016.07.16"]
[EventType "team-tourn"]
[EventRounds "9"]
[EventCountry "BIH"]
[SourceTitle "CBM 173 Extra"]
[Source "ChessBase"]
[SourceDate "2016.08.29"]
[SourceVersion "1"]
[SourceVersionDate "2016.08.29"]
[SourceQuality "1"]
[WhiteTeam "Sarajevo Bosna"]
[BlackTeam "Gorazde"]
[WhiteTeamCountry "BIH"]
[BlackTeamCountry "BIH"]

1. d4 Nf6 2. c4 g6 3. g3 d5 4. Bg2 dxc4 5. e3 Bg7 6. Ne2 0-0 7. Na3 Nc6 8. 0-0 Bf5 9. Nxc4 Qc8 10. Nf4 Rd8 11. Qe2 Be4 12. f3 Bd5 13. Bh3 e6 14. b3 a5 15. Bb2 a4 16. Nd2 g5 17. Nd3 Na5 18. e4 Bc6 19. b4 a3 20. Bc3 g4 21. Bg2 Bb5 22. bxa5 c5 23. Rac1 Qd7 24. Ba1 Nxe4 25. Nxe4 Bxd4+ 26. Bxd4 Qxd4+ 27. Nef2 Bxd3 28. Qxd3 Qxd3 29. Nxd3 Rxd3 30. Rxc5 gxf3 31. Bxf3 Ra7 32. Rb5 Rd2 33. Bxb7 Rxa2 34. a6 1-0

[Event "BIH-chT 15th"]
[Site "Bihac"]
[Date "2016.07.16"]
[Round "1.5"]
[White "Runic, Zoran"]
[Black "Sadikovic, Jasmin"]
[Result "1-0"]
[WhiteElo "2389"]
[BlackElo "2130"]
[PlyCount "77"]
[EventDate "2016.07.16"]
[EventType "team-tourn"]
[EventRounds "9"]
[EventCountry "BIH"]
[SourceTitle "CBM 173 Extra"]
[Source "ChessBase"]
[SourceDate "2016.08.29"]
[SourceVersion "1"]
[SourceVersionDate "2016.08.29"]
[SourceQuality "1"]
[WhiteTeam "Samac"]
[BlackTeam "Gorazde"]
[WhiteTeamCountry "BIH"]
[BlackTeamCountry "BIH"]

1. e4 c5 2. Nf3 d6 3. d4 cxd4 4. Nxd4 a6 5. Nc3 Nf6 6. Bc4 e5 7. Nf5 Be6 8. Bb3 Qc7 9. Bg5 Nbd7 10. Qf3 h6 11. Bh4 Bxf5 12. Qxf5 Be7 13. 0-0-0 g6 14. Qf3 g5 15. Bg3 Nc5 16. h4 Nxb3+ 17. axb3 g4 18. Qe2 b5 19. f4 gxf3 20. gxf3 b4 21. Nd5 Nxd5 22. Rxd5 Rg8 23. Bh2 Bxh4 24. f4 Bg3 25. Bxg3 Rxg3 26. fxe5 dxe5 27. Rxh6 Rg1+ 28. Rd1 Rxd1+ 29. Qxd1 Rd8 30. Qh5 Qe7 31. Qf5 Qc7 32. Qf6 Qe7 33. Qf5 Qc7 34. Rh7 Rd7 35. Qf6 Re7 36. Rh8+ Kd7 37. Qxa6 Re6 38. Qb5+ Rc6 39. Rh6 1-0

[Event "Sarajevo Bosna op 46th"]
[Site "Sarajevo"]
[Date "2016.06.03"]
[Round "9"]
[White "Sadikovic, Jasmin"]
[Black "Kantorik, Marian"]
[Result "1/2-1/2"]
[WhiteElo "2106"]
[BlackElo "2285"]
[PlyCount "73"]
[EventDate "2016.05.28"]
[EventType "swiss"]
[EventRounds "9"]
[EventCountry "BIH"]
[SourceTitle "EXT 2019"]
[Source "ChessBase"]
[SourceDate "2018.10.10"]
[SourceVersion "1"]
[SourceVersionDate "2018.10.10"]
[SourceQuality "1"]

1. e4 Nf6 2. Nc3 d5 3. exd5 Nxd5 4. Bc4 c6 5. Qf3 e6 6. Nge2 Nd7 7. Qg3 Qf6 8. d3 Qg6 9. Bd2 Qxg3 10. Nxg3 Be7 11. 0-0-0 0-0 12. Rde1 N5b6 13. Bb3 Nc5 14. Nf5 Bf6 15. Nd6 Rd8 16. Nce4 Nxb3+ 17. axb3 Be7 18. Nxc8 Raxc8 19. f4 Nd5 20. Nc3 Bf6 21. Rhf1 g6 22. g4 Nxc3 23. Bxc3 Bxc3 24. bxc3 Re8 25. Re3 Kg7 26. Kd2 Kf6 27. Rh3 h5 28. g5+ Kg7 29. Re3 Red8 30. Re5 Rd6 31. Rfe1 Kf8 32. b4 a6 33. c4 Ke7 34. h4 Kd8 35. c3 Kc7 36. d4 Rcd8 37. Kd3 1/2-1/2

[Event "Sarajevo Bosna op 46th"]
[Site "Sarajevo"]
[Date "2016.05.31"]
[Round "5"]
[White "Sadikovic, Jasmin"]
[Black "Oputic, Mirsad"]
[Result "1-0"]
[WhiteElo "2106"]
[BlackElo "1894"]
[PlyCount "37"]
[EventDate "2016.05.28"]
[EventType "swiss"]
[EventRounds "9"]
[EventCountry "BIH"]
[SourceTitle "EXT 2019"]
[Source "ChessBase"]
[SourceDate "2018.10.10"]
[SourceVersion "1"]
[SourceVersionDate "2018.10.10"]
[SourceQuality "1"]

1. e4 e5 2. Bc4 c5 3. d3 d6 4. f4 Nc6 5. Nf3 Bd7 6. 0-0 h6 7. fxe5 dxe5 8. Bxf7+ Ke7 9. Nh4 Kd6 10. Ng6 Nf6 11. Nxh8 Bg4 12. Rxf6+ Qxf6 13. Qxg4 Be7 14. Qg6 Rxh8 15. Qxf6+ Bxf6 16. Be3 Rf8 17. Bb3 b5 18. a4 b4 19. Nd2 1-0

[Event "BIH-chT 14th"]
[Site "Prijedor"]
[Date "2015.09.13"]
[Round "9.3"]
[White "Vukic, Milan"]
[Black "Sadikovic, Jasmin"]
[Result "1-0"]
[WhiteElo "2389"]
[BlackElo "2051"]
[PlyCount "99"]
[EventDate "2015.09.05"]
[EventType "team-tourn"]
[EventRounds "9"]
[EventCountry "BIH"]
[SourceTitle "EXT 2016"]
[Source "ChessBase"]
[SourceDate "2015.10.08"]
[SourceVersion "1"]
[SourceVersionDate "2015.10.08"]
[SourceQuality "1"]
[WhiteTeam "Siroki Brijeg"]
[BlackTeam "Gorazde"]
[WhiteTeamCountry "BIH"]
[BlackTeamCountry "BIH"]

1. Nf3 Nf6 2. g3 g6 3. b3 Bg7 4. Bb2 0-0 5. Bg2 d6 6. d4 Nbd7 7. 0-0 Re8 8. Nbd2 e5 9. e4 exd4 10. Nxd4 Nc5 11. Re1 Bg4 12. f3 Bd7 13. a4 Qc8 14. Nf1 a6 15. Ne3 Bh3 16. Qd2 Bxg2 17. Kxg2 Ne6 18. Nxe6 Qxe6 19. c4 Rac8 20. Rad1 Nd7 21. Bxg7 Kxg7 22. a5 h5 23. h4 Ne5 24. Nd5 Nc6 25. b4 Ne7 26. Qc3+ Qe5 27. Qb3 Nxd5 28. Rxd5 Qf6 29. Red1 Re5 30. c5 Rxd5 31. Rxd5 dxc5 32. bxc5 c6 33. Rd6 Qa1 34. Rd7 Rf8 35. Qb4 Qa2+ 36. Rd2 Qa1 37. Qd4+ Qxd4 38. Rxd4 f6 39. Rd7+ Rf7 40. Rxf7+ Kxf7 41. g4 Ke6 42. gxh5 gxh5 43. f4 f5 44. exf5+ Kd5 45. f6 Ke6 46. Kf3 Kxf6 47. Ke4 Ke6 48. f5+ Kf6 49. Kf4 Ke7 50. Kg5 1-0

[Event "BIH-chT 14th"]
[Site "Prijedor"]
[Date "2015.09.07"]
[Round "3.2"]
[White "Sadikovic, Jasmin"]
[Black "Avdic, Mirza"]
[Result "1/2-1/2"]
[WhiteElo "2051"]
[BlackElo "2213"]
[PlyCount "143"]
[EventDate "2015.09.05"]
[EventType "team-tourn"]
[EventRounds "9"]
[EventCountry "BIH"]
[SourceTitle "EXT 2016"]
[Source "ChessBase"]
[SourceDate "2015.10.08"]
[SourceVersion "1"]
[SourceVersionDate "2015.10.08"]
[SourceQuality "1"]
[WhiteTeam "Gorazde"]
[BlackTeam "Bihac"]
[WhiteTeamCountry "BIH"]
[BlackTeamCountry "BIH"]

1. e4 e5 2. Nf3 Nc6 3. Bc4 Bc5 4. c3 Qe7 5. 0-0 d6 6. d4 Bb6 7. h3 Nf6 8. Re1 h6 9. Be3 0-0 10. Nbd2 Kh8 11. dxe5 dxe5 12. Bxb6 axb6 13. Nh2 Be6 14. Bxe6 Qxe6 15. b3 Rfd8 16. Qe2 Ne7 17. Ng4 Ng6 18. g3 Nh7 19. Kg2 Ng5 20. Nf3 Nxf3 21. Qxf3 Rd7 22. Re2 Rad8 23. Rae1 Rd2 24. Rxd2 Rxd2 25. Ne3 Rd3 26. Rc1 Rd2 27. Rc2 Rd8 28. Nf5 Ne7 29. Nxe7 Qxe7 30. Qe2 Qd7 31. Qc4 b5 32. Qe2 c6 33. Qe3 Qd6 34. Qf3 Kg8 35. h4 Rd7 36. Qe2 Qg6 37. Qf3 Qe6 38. Kh2 Qe8 39. Qf5 Rd6 40. Kg2 Rf6 41. Qh5 Rd6 42. Qe2 Qd7 43. Qh5 f6 44. Qe2 Rd3 45. Qh5 Rd1 46. Qe2 Kf8 47. Qe3 Qg4 48. Re2 Qd7 49. Rc2 Ke8 50. Qe2 Kd8 51. Qe3 Kc7 52. Qe2 b6 53. Qe3 Kb7 54. Qe2 c5 55. Qe3 h5 56. Qe2 g6 57. Qf3 Qd6 58. Qe3 Ka6 59. Qe2 Rd3 60. Qe1 f5 61. exf5 Qd5+ 62. f3 Qxf3+ 63. Kh2 e4 64. Rg2 gxf5 65. a4 f4 66. axb5+ Kxb5 67. g4 hxg4 68. Qa1 Qh3+ 69. Kg1 Qe3+ 70. Kh2 Qh3+ 71. Kg1 Qe3+ 72. Kh2 1/2-1/2